00234nam a2200085Ia 4500008004100000082001600041100003000057245004500087300001600132230907s9999||||xx |||||||||||||| ||und|| a155.22bCHA aChamorro-Premuzic, Tomas, 0aPersonality and individual differences / a456 pages :